Hỏi đáp về luật thuế xuất khẩu, thuế nhập khẩu
Guardat en:
| Autor principal: | |
|---|---|
| Format: | Llibre |
| Idioma: | Undetermined |
| Publicat: |
Hà Nội
Lao động
2006
|
| Matèries: | |
| Etiquetes: |
Afegir etiqueta
Sense etiquetes, Sigues el primer a etiquetar aquest registre!
|
| Thư viện lưu trữ: | Trung tâm Học liệu Trường Đại học Cần Thơ |
|---|
| LEADER | 00677nam a2200217Ia 4500 | ||
|---|---|---|---|
| 001 | CTU_104065 | ||
| 008 | 210402s9999 xx 000 0 und d | ||
| 020 | |c 15500 | ||
| 082 | |a 343.597056 | ||
| 082 | |b A107 | ||
| 100 | |a Phạm, Thị Lan Anh | ||
| 245 | 0 | |a Hỏi đáp về luật thuế xuất khẩu, thuế nhập khẩu | |
| 245 | 0 | |c Phạm Thị Lan Anh | |
| 260 | |a Hà Nội | ||
| 260 | |b Lao động | ||
| 260 | |c 2006 | ||
| 650 | |a Industrial laws and legislation,Trade regulation,Vietnam | ||
| 650 | |x Economic policy | ||
| 650 | |z Vietnam,Vietnam | ||
| 904 | |i Trọng Hải | ||
| 980 | |a Trung tâm Học liệu Trường Đại học Cần Thơ | ||